Vydavateľská činnosť verejnej knižnice v Humennom od roku 1962 po súčasnosť výberová bibliografia

Bibliographic Details
Corporate Author: Vihorlatská knižnica v Humennom
Other Authors: Firkaľová, Mária, 1959- (Compiler)
Format: Book
Language:Slovak
PhysicalDescription:84 s. 30x20 cm
Published: Humenné Vihorlatská knižnica 2007
ISBN:9788089308026 (brož.)
Edition:[1. vyd.]
Subjects:

MARC

LEADER 00000nam a22000005a 4500
001 vtls009082594
003 SK-MaSNL
005 20260331205006.0
008 171123s2007 xo r 000 0 slo
015 |a SNBSAB2007-00056 
020 |a 9788089308026 (brož.) 
035 |a 3D45EAC7-17E0-4123-8277-67246B3AE377 
035 |a urn:nbn:sk:snk-amtfi0 
035 |a urn:nbn:sk:snk-am00cd2z 
040 |a SNK  |b slo  |c SNK  |e AACR2 
041 0 |a slo 
044 |a xo 
072 7 |a 01  |x Bibliografia. Katalógy  |2 konspekt 
080 |a 016: 655:027.53(437.67)"1962/2007"  |2 2001 
080 |a 655  |2 2001 
080 |a 027.53  |2 2001 
100 1 |a Firkaľová, Mária,  |d 1959-  |4 com  |9 107790 
245 1 0 |a Vydavateľská činnosť verejnej knižnice v Humennom od roku 1962 po súčasnosť  |b výberová bibliografia  |c [zostavila: Mária Firkaľová ; zodp. red.: Tomáš Leňo] 
250 |a [1. vyd.] 
260 |a Humenné  |b Vihorlatská knižnica  |c 2007 
300 |a 84 s.  |c 30x20 cm 
366 |e 10 výt. 
500 |a Hrebeňová väzba 
500 |a ISBN doplnené podľa agentúry ISBN 
504 |a Usporiadanie chronolog. 290 zázn. o čl., kn. a špeciálnych dokumentoch od r. 1962 po 2007 s predm. heslami 
610 2 7 |a Vihorlatská knižnica v Humennom  |2 snkbubb  |9 242431 
650 0 7 |a vydavateľská činnosť  |z Humenné (Slovensko)  |y 1962-2007  |x výberové bibliografie  |x registrujúce bibliografie  |2 snkbubb  |9 430747 
655 7 |a registrujúce bibliografie  |2 snkph  |9 315761 
700 1 |a Leňo, Tomáš,  |d 1964-  |4 lso  |9 106610 
710 2 |a Vihorlatská knižnica v Humennom  |9 242431 
919 |a 978-80-89308-02-6 
999 |c 1084510  |d 1086440 
952 |a SNK  |b SNK  |y VYP  |7 0  |p 17A0558731  |o snkSB 74730 D1  |i snk2007/17641  |8 0  |0 0  |1 0  |4 0  |d 2007-07-25  |l 0  |r 2016-06-30 00:00:00  |w 2026-02-24 
952 |a SNK  |b SNK  |y PREZ  |7 0  |p 17A0558730  |o snkSB 74730  |i snk2007/17640  |8 0  |0 0  |1 0  |4 0  |d 2007-07-25  |f 1  |l 0  |r 2025-04-25 00:00:00  |w 2026-02-24